000 01776nam a2200241Ia 4500
008 260220t1943||||xx |||||||||||||| ||spa||
040 _aPY-SlUNAC
_bspa
_erda
041 _aspa
082 _a516.3
_bP541g
100 _aPhillips, H. B.
_eAutor
245 0 _aGeometría analítica /
_cpor H. B. Phillips [Autor]
264 _aCiudad de México :
_bUnión Tipogrática,
_c℗1943.
300 _a1 volumen
520 _aEl libro "Geometría analítica" de H. B. Phillips, publicado en 1943, es una obra fundamental en el campo de la matemática que integra conceptos de geometría y álgebra para ofrecer un enfoque sistemático en la resolución de problemas geométricos. A través de un análisis claro y estructurado, el autor presenta las bases de la geometría analítica, abordando desde los puntos y líneas en el plano hasta las cónicas y superficies en el espacio tridimensional. Phillips utiliza un lenguaje accesible y ejemplos prácticos que facilitan la comprensión de los conceptos, lo que lo convierte en un recurso valioso tanto para estudiantes como para educadores. Además, la obra incluye ejercicios que permiten a los lectores aplicar lo aprendido y profundizar en su conocimiento. La relevancia de este texto radica en su capacidad para conectar la teoría matemática con aplicaciones prácticas, promoviendo un entendimiento más profundo de la geometría en el contexto analítico. Así, "Geometría analítica" se establece como una referencia esencial en la educación matemática.
653 _aAnálisis matemático
653 _aGeometría
653 _aMatemáticas
942 _b2026/02/17
_cBK
999 _c7612
_d7612